| 000 | 00479nam a2200181Ia 4500 | ||
|---|---|---|---|
| 008 | 231217s9999 xx 000 0 und d | ||
| 020 | _a81-297-1095-1 | ||
| 041 | _aEnglish | ||
| 082 | _a001.6424UNI ROC R | ||
| 100 | _aRochkind, Marc J. | ||
| 245 | 0 | _aAdvanced unix programming | |
| 250 | _a2nd ed. | ||
| 260 |
_c2004 _bPearson _aDelhi |
||
| 300 | _a729 | ||
| 400 | _aAddison-Wesley professional computing series | ||
| 650 | _aAdvanced,unix,programming | ||
| 942 | _cAA | ||
| 999 |
_c177189 _d177189 |
||